[Event "Nichelino Berruto Memorial 19th"]
[Site "Nichelino"]
[Date "2016.03.18"]
[Round "6"]
[White "Petrini, Alberto"]
[Black "Malano, Francesco"]
[Result "0-1"]
[WhiteElo "1920"]
[BlackElo "1878"]
[PlyCount "84"]
[EventDate "2016.02.12"]
[EventType "swiss"]
[EventRounds "6"]
[EventCountry "ITA"]
[SourceTitle "EXT 2018"]
[Source "ChessBase"]
[SourceDate "2017.10.13"]
[SourceVersion "1"]
[SourceVersionDate "2017.10.13"]
[SourceQuality "1"]

1. d4 d6 2. Nf3 g6 3. c4 Bg7 4. Nc3 Nd7 5. e4 e5 6. Be2 Ne7 7. d5 a5 8. Be3 0-0 9. Nd2 f5 10. f3 b6 11. 0-0 Nf6 12. a3 Bd7 13. b4 axb4 14. axb4 Rxa1 15. Qxa1 fxe4 16. Ndxe4 Nf5 17. Bf2 Bh6 18. Re1 Be3 19. Bd3 Bxf2+ 20. Nxf2 Nd4 21. Ne2 Nxe2+ 22. Rxe2 Nh5 23. Ne4 Nf4 24. Rd2 Bf5 25. Nf2 Nxg2 26. Bxf5 gxf5 27. Nd3 Nh4 28. Rf2 Qg5+ 29. Kf1 Qe3 30. Ne1 f4 31. Qa7 Rf7 32. Qb8+ Kg7 33. Qd8 Ng6 34. Rg2 e4 35. Re2 Qc3 36. Rxe4 Qxb4 37. h4 h6 38. Re8 Qxc4+ 39. Kf2 Qd4+ 40. Kf1 Qf6 41. Rg8+ Kh7 42. Qc8 Ne7 0-1

[Event "Torino Province-ch"]
[Site "Torino"]
[Date "2016.03.08"]
[Round "7"]
[White "Leoni, Alessandro"]
[Black "Malano, Francesco"]
[Result "1/2-1/2"]
[WhiteElo "1937"]
[BlackElo "1878"]
[PlyCount "93"]
[EventDate "2016.01.26"]
[EventType "swiss"]
[EventRounds "7"]
[EventCountry "ITA"]
[SourceTitle "EXT 2018"]
[Source "ChessBase"]
[SourceDate "2017.10.13"]
[SourceVersion "1"]
[SourceVersionDate "2017.10.13"]
[SourceQuality "1"]

1. e4 d6 2. d4 Nf6 3. Nc3 c6 4. f4 Qa5 5. Bd3 e5 6. dxe5 dxe5 7. Nf3 Bg4 8. h3 Bxf3 9. Qxf3 Nbd7 10. Be3 Bc5 11. 0-0 exf4 12. Qxf4 Bxe3+ 13. Qxe3 0-0 14. Rf5 Qb6 15. Qxb6 Nxb6 16. e5 Nfd5 17. Ne4 Rae8 18. Nd6 Re7 19. Re1 Nc8 20. Nc4 g6 21. Rff1 Rfe8 22. c3 f6 23. exf6 Rxe1 24. f7+ Kg7 25. f8Q+ Rxf8 26. Rxe1 Rf7 27. Re8 Rf8 28. Rxf8 Kxf8 29. Na5 Nd6 30. Nc4 Ke7 31. Nxd6 Kxd6 32. Kf2 Nf4 33. Bc2 Ke5 34. Kf3 a5 35. g3 Nd5 36. Bb3 h6 37. Bc2 g5 38. Bb3 Nf6 39. Bc2 b5 40. a4 Kd5 41. Ke3 Kc5 42. Bb3 b4 43. cxb4+ Kxb4 44. Bc2 Kc4 45. Bd1 c5 46. Bc2 Kd5 47. Bb3+ 1/2-1/2

[Event "Torino Province-ch"]
[Site "Torino"]
[Date "2016.03.01"]
[Round "6"]
[White "Malano, Francesco"]
[Black "Di Chiara, Mauro"]
[Result "1-0"]
[WhiteElo "1878"]
[BlackElo "1936"]
[PlyCount "137"]
[EventDate "2016.01.26"]
[EventType "swiss"]
[EventRounds "7"]
[EventCountry "ITA"]
[SourceTitle "EXT 2018"]
[Source "ChessBase"]
[SourceDate "2017.10.13"]
[SourceVersion "1"]
[SourceVersionDate "2017.10.13"]
[SourceQuality "1"]

1. d4 Nf6 2. Nc3 g6 3. e4 d6 4. Bg5 Bg7 5. Qd2 0-0 6. 0-0-0 c6 7. Kb1 b5 8. Bd3 Qa5 9. h4 h5 10. Nd5 Qd8 11. Nxf6+ Bxf6 12. Bxf6 exf6 13. Nh3 Kg7 14. Nf4 Nd7 15. Rdg1 Nb6 16. f3 Nc4 17. Qc1 d5 18. exd5 f5 19. b3 Rb8 20. Ka1 Qf6 21. c3 Na5 22. Qe3 cxd5 23. Rc1 Be6 24. Qe5 Qxe5 25. dxe5 Nc6 26. Rhe1 Rfc8 27. Kb2 a5 28. Rcd1 b4 29. c4 d4 30. Nd5 Rd8 31. Nc7 Rb7 32. Nb5 Rbd7 33. f4 Nb8 34. Rd2 Na6 35. Red1 Nc5 36. Nd6 a4 37. Bc2 axb3 38. axb3 Ra8 39. Ra1 Rxa1 40. Kxa1 d3 41. Bd1 Kf8 42. Kb2 f6 43. Bf3 fxe5 44. fxe5 Ra7 45. Nb5 Ra5 46. g3 Bd7 47. Nd4 Ra3 48. Bd5 Ke7 49. Rd1 Ra6 50. Ra1 Rxa1 51. Kxa1 d2 52. Bf3 Ne4 53. Kb2 Nxg3 54. Kc2 f4 55. Kxd2 Nf5 56. Nxf5+ Bxf5 57. Bd5 Kd7 58. Ke2 Bc2 59. c5 Ke7 60. Kf3 Kf8 61. Kxf4 Ke7 62. Kg5 Kd7 63. Kf6 Bf5 64. e6+ Kc7 65. e7 Bd7 66. Bf7 Kc6 67. e8Q Bxe8 68. Bxe8+ Kxc5 69. Bxg6 1-0

[Event "Torino Province-ch"]
[Site "Torino"]
[Date "2016.02.16"]
[Round "4"]
[White "Malano, Francesco"]
[Black "Manni, Stefano"]
[Result "1-0"]
[WhiteElo "1878"]
[BlackElo "2018"]
[PlyCount "33"]
[EventDate "2016.01.26"]
[EventType "swiss"]
[EventRounds "7"]
[EventCountry "ITA"]
[SourceTitle "EXT 2018"]
[Source "ChessBase"]
[SourceDate "2017.10.13"]
[SourceVersion "1"]
[SourceVersionDate "2017.10.13"]
[SourceQuality "1"]

1. d4 d5 2. Nf3 Nf6 3. c4 c6 4. e3 e6 5. b3 Bd6 6. Bd3 Nbd7 7. Bb2 0-0 8. 0-0 b6 9. Nbd2 Bb7 10. Ne5 Rc8 11. Qf3 c5 12. Qh3 dxc4 13. Ndxc4 Be7 14. Rad1 cxd4 15. Nxd7 Qxd7 16. Bxd4 e5 17. Bf5 1-0

[Event "Torino Province-ch"]
[Site "Torino"]
[Date "2016.02.02"]
[Round "2"]
[White "Malano, Francesco"]
[Black "Femia, Nicola"]
[Result "1-0"]
[WhiteElo "1878"]
[BlackElo "1835"]
[PlyCount "135"]
[EventDate "2016.01.26"]
[EventType "swiss"]
[EventRounds "7"]
[EventCountry "ITA"]
[SourceTitle "EXT 2018"]
[Source "ChessBase"]
[SourceDate "2017.10.13"]
[SourceVersion "1"]
[SourceVersionDate "2017.10.13"]
[SourceQuality "1"]

1. d4 d5 2. Nf3 e6 3. c4 c6 4. Qc2 Nf6 5. Bg5 Be7 6. e3 Nbd7 7. Nc3 h6 8. Bh4 0-0 9. h3 Re8 10. Be2 Nf8 11. Ne5 N6d7 12. Bxe7 Qxe7 13. Nf3 b6 14. 0-0 Bb7 15. Rad1 dxc4 16. Bxc4 c5 17. Rfe1 Bxf3 18. gxf3 cxd4 19. Rxd4 Ne5 20. Be2 Rac8 21. f4 Neg6 22. Qe4 f5 23. Qg2 Red8 24. Red1 Rxd4 25. Rxd4 Rd8 26. Rxd8 Qxd8 27. Bh5 Ne7 28. Qf1 g6 29. Bf3 Kg7 30. Qe2 Nc8 31. Nb5 g5 32. fxg5 Qxg5+ 33. Kh1 Qh4 34. Bg2 a6 35. Nd4 b5 36. Qf3 Nd6 37. Kg1 Ne4 38. Qxf5 Ng5 39. Qg4 Qxg4 40. hxg4 Kf6 41. f4 Nf7 42. Bb7 Nd6 43. Bxa6 Nc4 44. Kf2 Nxb2 45. Bxb5 e5 46. fxe5+ Kxe5 47. Ke2 Kd5 48. Nf5 Ne6 49. Nxh6 Ng5 50. Nf5 Kc5 51. Nd4 Kb4 52. a4 Nxa4 53. Bxa4 Kxa4 54. Nf3 Ne4 55. g5 Kb4 56. Kd3 Nf2+ 57. Kd4 Kb5 58. g6 Ng4 59. e4 Nh6 60. Kd5 Kb6 61. Kd6 Kb7 62. Kd7 Kb6 63. g7 Kc5 64. e5 Kd5 65. e6 Ng8 66. e7 Nf6+ 67. Kd8 Ke6 68. e8Q+ 1-0

[Event "Torino Province-ch"]
[Site "Torino"]
[Date "2016.01.26"]
[Round "1"]
[White "Eandi, Arnaldo"]
[Black "Malano, Francesco"]
[Result "1/2-1/2"]
[WhiteElo "1676"]
[BlackElo "1878"]
[PlyCount "89"]
[EventDate "2016.01.26"]
[EventType "swiss"]
[EventRounds "7"]
[EventCountry "ITA"]
[SourceTitle "EXT 2018"]
[Source "ChessBase"]
[SourceDate "2017.10.13"]
[SourceVersion "1"]
[SourceVersionDate "2017.10.13"]
[SourceQuality "1"]

1. e4 d6 2. d4 Nf6 3. Nc3 Nbd7 4. f4 e5 5. fxe5 dxe5 6. dxe5 Nxe5 7. Bg5 Qxd1+ 8. Rxd1 Be7 9. h3 c6 10. Be2 Be6 11. Nf3 Nxf3+ 12. Bxf3 Nd7 13. Bxe7 Kxe7 14. 0-0 Ne5 15. Be2 Rad8 16. b3 f6 17. Na4 b6 18. Nb2 Rxd1 19. Rxd1 Rd8 20. Rxd8 Kxd8 21. Kf2 Ke7 22. a4 Kd6 23. Ke3 a5 24. Kd4 c5+ 25. Ke3 c4 26. bxc4 Kc5 27. Nd3+ Nxd3 28. cxd3 Bd7 29. Bd1 Kb4 30. Kd4 Bxa4 31. Bxa4 Kxa4 32. Kc3 b5 33. cxb5 Kxb5 34. g4 g6 35. d4 Kc6 36. Kb3 Kb5 37. Kc3 a4 38. Kb2 Kc4 39. d5 Kc5 40. Ka3 f5 41. gxf5 gxf5 42. exf5 Kxd5 43. Kxa4 Ke5 44. Kb3 Kxf5 45. Kc2 1/2-1/2

[Event "Torino Spinelli Memorial 1st"]
[Site "Torino"]
[Date "2015.12.06"]
[Round "3"]
[White "Gotti, Marco"]
[Black "Malano, Francesco"]
[Result "0-1"]
[WhiteElo "1713"]
[BlackElo "1880"]
[PlyCount "70"]
[EventDate "2015.12.04"]
[EventType "swiss"]
[EventRounds "5"]
[EventCountry "ITA"]
[SourceTitle "EXT 2018"]
[Source "ChessBase"]
[SourceDate "2017.10.13"]
[SourceVersion "1"]
[SourceVersionDate "2017.10.13"]
[SourceQuality "1"]

1. e4 d6 2. d4 Nf6 3. Bd3 e5 4. dxe5 dxe5 5. Bg5 Be7 6. Nc3 c6 7. Nge2 0-0 8. Qd2 b5 9. a3 Nbd7 10. 0-0 Nc5 11. Rad1 Qc7 12. f3 Rd8 13. Qe3 Ne6 14. b4 Nxg5 15. Qxg5 Ng4 16. Qc1 Qb6+ 17. Kh1 Ne3 18. Ng3 Nxd1 19. Nxd1 a5 20. bxa5 Rxa5 21. f4 Bxa3 22. Qd2 Bd6 23. f5 Be7 24. Nh5 f6 25. Rf3 Kh8 26. Rg3 Bf8 27. Rh3 Ra1 28. g3 Qd4 29. Qe2 Bc5 30. Kg2 Qg1+ 31. Kf3 Qxd1 32. g4 Qh1+ 33. Kg3 Bb4 34. g5 Rg1+ 35. Kh4 fxg5# 0-1

[Event "Torino Province-ch"]
[Site "Torino"]
[Date "2015.01.29"]
[Round "1"]
[White "Malano, Francesco"]
[Black "Liviabella, Lucio"]
[Result "0-1"]
[WhiteElo "1901"]
[BlackElo "1609"]
[PlyCount "80"]
[EventDate "2015.01.29"]
[EventType "swiss"]
[EventRounds "7"]
[EventCountry "ITA"]
[SourceTitle "EXT 2017"]
[Source "ChessBase"]
[SourceDate "2016.10.25"]
[SourceVersion "1"]
[SourceVersionDate "2016.10.25"]
[SourceQuality "1"]

1. d4 Nf6 2. c4 g6 3. Nc3 Bg7 4. e4 d6 5. f3 0-0 6. Bg5 Nbd7 7. Qd2 Re8 8. h4 h5 9. Nh3 e5 10. d5 Nf8 11. Be2 N8h7 12. Be3 Bxh3 13. Rxh3 Qd7 14. 0-0-0 a6 15. Rhh1 Kh8 16. Rdg1 Ng8 17. g4 Nhf6 18. Kb1 c6 19. Qd1 c5 20. Bf1 Rab8 21. Bh3 Qc7 22. Bf1 Qd7 23. Qe2 b6 24. Bg5 Rb7 25. Bh3 Qc7 26. Rh2 Reb8 27. a4 Qe7 28. gxh5 Qe8 29. hxg6 fxg6 30. Rhg2 Nh5 31. Be6 b5 32. axb5 Nf4 33. Bxf4 exf4 34. Rxg6 Nf6 35. Rxf6 Bxf6 36. Rg8+ Qxg8 37. Bxg8 Rxg8 38. Qd2 Be5 39. bxa6 Rb3 40. a7 Bxc3 0-1

[Event "Torino Martedi-A 3rd"]
[Site "Torino"]
[Date "2013.10.29"]
[Round "7"]
[White "Di Chiara, Mauro"]
[Black "Malano, Francesco"]
[Result "1-0"]
[WhiteElo "2011"]
[BlackElo "1879"]
[PlyCount "109"]
[EventDate "2013.09.17"]
[EventType "tourn"]
[EventRounds "7"]
[EventCountry "ITA"]
[SourceTitle "EXT 2015"]
[Source "ChessBase"]
[SourceDate "2014.11.20"]
[SourceVersion "1"]
[SourceVersionDate "2014.11.20"]
[SourceQuality "1"]

1. Nf3 f5 2. d4 Nf6 3. c4 e6 4. g3 Bb4+ 5. Bd2 Bxd2+ 6. Nbxd2 b6 7. Bg2 Bb7 8. 0-0 0-0 9. Qc2 Qe7 10. Rfe1 d6 11. Ng5 Bxg2 12. Kxg2 h6 13. Ngf3 Nbd7 14. e4 fxe4 15. Nxe4 Rae8 16. Nh4 Qf7 17. f4 Nxe4 18. Qxe4 Qf6 19. Rad1 Rf7 20. Qg6 Qxg6 21. Nxg6 Nf8 22. Nh4 Rfe7 23. Nf3 Kf7 24. Re2 Kf6 25. Rde1 Nd7 26. g4 g6 27. Kg3 e5 28. g5+ hxg5 29. fxg5+ Kf7 30. dxe5 dxe5 31. h4 a5 32. Nh2 Nc5 33. Ng4 e4 34. Nf6 Rd8 35. Nd5 Re5 36. Rf1+ Rf5 37. Rxf5+ gxf5 38. h5 Rg8 39. g6+ Ke6 40. Nxc7+ Ke5 41. Nd5 Nd3 42. Kh4 f4 43. Rxe4+ Kxe4 44. Nf6+ Ke3 45. Nxg8 f3 46. Nh6 Ne5 47. Nf5+ Kf4 48. Ng3 Ng4 49. g7 Nh6 50. b3 f2 51. Kh3 Kf3 52. Nf1 Kf4 53. Kg2 Kg5 54. Ne3 Kf6 55. Ng4+ 1-0

[Event "Torino Martedi-A 3rd"]
[Site "Torino"]
[Date "2013.10.08"]
[Round "4"]
[White "Malano, Francesco"]
[Black "Boetto, Massimo"]
[Result "0-1"]
[WhiteElo "1879"]
[BlackElo "1999"]
[PlyCount "60"]
[EventDate "2013.09.17"]
[EventType "tourn"]
[EventRounds "7"]
[EventCountry "ITA"]
[SourceTitle "EXT 2015"]
[Source "ChessBase"]
[SourceDate "2014.11.20"]
[SourceVersion "1"]
[SourceVersionDate "2014.11.20"]
[SourceQuality "1"]

1. d4 Nf6 2. Nf3 g6 3. c4 Bg7 4. Nc3 0-0 5. e4 d6 6. g3 Nbd7 7. Bg2 e5 8. 0-0 c6 9. h3 Re8 10. Be3 Qe7 11. Qd2 exd4 12. Nxd4 Ne5 13. Qe2 c5 14. Nc2 Be6 15. b3 Qd7 16. Rad1 Bxh3 17. Bxc5 Bxg2 18. Kxg2 Re6 19. Bb4 Nc6 20. Ba3 Rc8 21. f3 Nxe4 22. Nxe4 f5 23. Qd3 fxe4 24. fxe4 Ne5 25. Qd5 Nf7 26. Rde1 Re5 27. Qd3 Ng5 28. Qxd6 Qh3+ 29. Kg1 Qxg3+ 30. Kh1 Nf3 0-1

[Event "Nichelino op-B 14th"]
[Site "Nichelino"]
[Date "2013.10.06"]
[Round "5"]
[White "Carfagna, Alex"]
[Black "Malano, Francesco"]
[Result "0-1"]
[WhiteElo "1855"]
[BlackElo "1872"]
[PlyCount "132"]
[EventDate "2013.10.04"]
[EventType "swiss"]
[EventRounds "5"]
[EventCountry "ITA"]
[SourceTitle "EXT 2024"]
[Source "ChessBase"]
[SourceDate "2023.10.10"]
[SourceVersion "1"]
[SourceVersionDate "2023.10.10"]
[SourceQuality "1"]

1. e4 d6 2. d4 Nf6 3. Nc3 c6 4. Be3 Nbd7 5. Qd2 e5 6. Bc4 b5 7. Bd3 a6 8. Nf3 Be7 9. h3 Qc7 10. 0-0 0-0 11. Bg5 Re8 12. Rfe1 Bb7 13. Nd1 Rad8 14. c3 h6 15. Bh4 Nf8 16. Bg3 Ng6 17. Qc2 Nh5 18. Ne3 Ngf4 19. Nf1 Bc8 20. Bxf4 Nxf4 21. Ng3 Bf8 22. Bf1 g6 23. Rad1 Qe7 24. dxe5 dxe5 25. Rxd8 Rxd8 26. Rd1 Rxd1 27. Qxd1 Qf6 28. Nh2 h5 29. Ne2 Be6 30. a3 Be7 31. Qd2 Nxe2+ 32. Bxe2 Qg5 33. Qxg5 Bxg5 34. Nf3 Bf4 35. Ne1 Bd2 36. Kf1 f6 37. a4 Bb3 38. axb5 axb5 39. Nd3 Kf7 40. Bf3 Bc4 41. Be2 Ke7 42. Nb4 Kd6 43. Bxc4 bxc4 44. Na2 Kc5 45. Ke2 Bh6 46. Kd1 Kb5 47. Nb4 Bf8 48. Nc2 Ka4 49. Na1 Bc5 50. f3 Be3 51. Kc2 c5 52. b3+ cxb3+ 53. Nxb3 c4 54. Na1 Ka3 55. Kb1 Bd2 56. Nc2+ Kb3 57. Nb4 Kxc3 58. Nd5+ Kd3 59. g4 c3 60. Nb4+ Ke2 61. Nd5 Kd1 62. Nb4 h4 63. Nc2 Ke2 64. Nb4 Kxf3 65. Nd5 Kxe4 66. Nxf6+ Kd3 0-1

[Event "Nichelino op-B 14th"]
[Site "Nichelino"]
[Date "2013.10.05"]
[Round "3"]
[White "Malano, Francesco"]
[Black "Adda, Roberto"]
[Result "1-0"]
[WhiteElo "1872"]
[BlackElo "1664"]
[PlyCount "55"]
[EventDate "2013.10.04"]
[EventType "swiss"]
[EventRounds "5"]
[EventCountry "ITA"]
[SourceTitle "EXT 2024"]
[Source "ChessBase"]
[SourceDate "2023.10.10"]
[SourceVersion "1"]
[SourceVersionDate "2023.10.10"]
[SourceQuality "1"]

1. Nf3 e6 2. d4 Nf6 3. c4 d5 4. g3 c6 5. Bg2 dxc4 6. 0-0 Bd6 7. Qc2 b5 8. a4 Bb7 9. e4 Be7 10. Rd1 a6 11. Nc3 0-0 12. d5 exd5 13. exd5 Qc7 14. Bf4 Qb6 15. d6 Bd8 16. Ne5 Nbd7 17. a5 Qc5 18. Nxd7 Nxd7 19. Ne4 Qh5 20. Nd2 Re8 21. Bf3 Qc5 22. Ne4 Qf5 23. Bg2 Kh8 24. Re1 c5 25. Nxc5 Rxe1+ 26. Rxe1 Be4 27. Bxe4 Qxc5 28. Bxa8 1-0

[Event "Quarantennale op"]
[Site "Cirie"]
[Date "2013.04.29"]
[Round "4"]
[White "Rotundo, Raffaele"]
[Black "Malano, Francesco"]
[Result "1/2-1/2"]
[WhiteElo "1988"]
[BlackElo "1879"]
[PlyCount "136"]
[EventDate "2013.04.27"]
[EventType "swiss"]
[EventRounds "6"]
[EventCountry "ITA"]
[SourceTitle "EXT 2014"]
[Source "ChessBase"]
[SourceDate "2013.11.20"]
[SourceVersion "1"]
[SourceVersionDate "2013.11.20"]
[SourceQuality "1"]

1. d4 Nf6 2. c4 d6 3. Nc3 e5 4. dxe5 dxe5 5. Qxd8+ Kxd8 6. Bg5 Be6 7. 0-0-0+ Nbd7 8. e3 c6 9. Nf3 Kc7 10. h3 Bb4 11. a3 Bxc3 12. bxc3 Ne4 13. Bh4 Nxc3 14. Rd2 Ne4 15. Rb2 f6 16. Nd2 Nxd2 17. Rxd2 Nc5 18. Kb1 Rad8 19. Rxd8 Rxd8 20. Kc2 Ne4 21. Bd3 Nc5 22. Be2 Bf5+ 23. Kc1 Bd3 24. Bxd3 Rxd3 25. Kb2 Na4+ 26. Ka2 Rc3 27. Bg3 Nc5 28. Re1 Rxc4 29. Re2 Ne4 30. Kb2 Nxg3 31. fxg3 Rc5 32. g4 Rd5 33. Kc3 c5 34. h4 b5 35. a4 a6 36. g3 Rd7 37. h5 h6 38. a5 Rd1 39. Rf2 Rd7 40. g5 fxg5 41. Rf1 Kd6 42. Rf8 Kd5 43. Ra8 Rd6 44. Ra7 Ke4 45. Rxg7 Kxe3 46. Rg6 Rd3+ 47. Kc2 Rd2+ 48. Kb1 Kf3 49. Rxa6 e4 50. Rxh6 e3 51. Rf6+ Kxg3 52. Kc1 Rf2 53. Re6 Kg4 54. h6 Kf5 55. h7 Rh2 56. Re7 Kf6 57. a6 Kxe7 58. a7 Rxh7 59. a8Q Kd6 60. Qa6+ Ke5 61. Qa1+ Ke6 62. Qa2+ Ke5 63. Qb2+ Kd5 64. Qxb5 Rh4 65. Qd3+ Rd4 66. Qxe3 Rc4+ 67. Kb2 Rb4+ 68. Ka3 g4 1/2-1/2

[Event "Monte Sabotino op"]
[Site "Torino"]
[Date "2012.12.11"]
[Round "6"]
[White "Malano, Francesco"]
[Black "Di Chiara, Mauro"]
[Result "0-1"]
[WhiteElo "1896"]
[BlackElo "1958"]
[PlyCount "60"]
[EventDate "2012.11.06"]
[EventType "swiss"]
[EventRounds "7"]
[EventCountry "ITA"]
[SourceTitle "EXT 2015"]
[Source "ChessBase"]
[SourceDate "2014.11.20"]
[SourceVersion "1"]
[SourceVersionDate "2014.11.20"]
[SourceQuality "1"]

1. e4 d6 2. d4 Nf6 3. Nc3 g6 4. Nf3 Bg7 5. Be3 0-0 6. Qd2 e6 7. h4 b5 8. Bd3 Ng4 9. Bf4 e5 10. dxe5 dxe5 11. Bg3 Bh6 12. Qe2 Re8 13. Nh2 Nf6 14. a4 b4 15. Na2 a5 16. Rd1 Qe7 17. Nf3 Bg4 18. Bc4 Nbd7 19. 0-0 Nh5 20. Bf4 Bxf4 21. g3 Bh6 22. Nc1 Qf6 23. Kg2 Nc5 24. b3 Ne6 25. Bxe6 Rxe6 26. Rd3 Rd8 27. Rxd8+ Qxd8 28. Rd1 Rd6 29. Rxd6 Qxd6 30. Qd3 Bxf3+ 0-1

[Event "Monte Sabotino op"]
[Site "Torino"]
[Date "2012.12.04"]
[Round "5"]
[White "Coqueraut, Lodewyk"]
[Black "Malano, Francesco"]
[Result "0-1"]
[WhiteElo "1818"]
[BlackElo "1896"]
[PlyCount "74"]
[EventDate "2012.11.06"]
[EventType "swiss"]
[EventRounds "7"]
[EventCountry "ITA"]
[SourceTitle "EXT 2015"]
[Source "ChessBase"]
[SourceDate "2014.11.20"]
[SourceVersion "1"]
[SourceVersionDate "2014.11.20"]
[SourceQuality "1"]

1. Nf3 d6 2. g3 Nf6 3. Bg2 c5 4. d3 Nc6 5. 0-0 g6 6. c3 Bg7 7. e4 0-0 8. Be3 c4 9. Na3 cxd3 10. Qxd3 Bg4 11. Nd2 Qc8 12. f4 Bd7 13. Ndc4 Rb8 14. Rad1 b5 15. Nd2 Ng4 16. Nc2 Nxe3 17. Nxe3 b4 18. Nd5 bxc3 19. bxc3 Re8 20. Rc1 Na5 21. Kh1 Qc5 22. Ne3 Rec8 23. e5 dxe5 24. Ne4 Qc7 25. fxe5 Nc6 26. Nc4 Bf5 27. Rxf5 gxf5 28. Nc5 e6 29. Nd7 Rd8 30. Rd1 Rxd7 31. Qxd7 Qxd7 32. Rxd7 Rb1+ 33. Bf1 Rxf1+ 34. Kg2 Re1 35. Rc7 Nxe5 36. Rc8+ Bf8 37. Nd6 Re2+ 0-1

[Event "Pula op 26th"]
[Site "Pula"]
[Date "2012.06.09"]
[Round "1"]
[White "Zelbel, Patrick"]
[Black "Malano, Francesco"]
[Result "1-0"]
[WhiteElo "2377"]
[BlackElo "1957"]
[PlyCount "37"]
[EventDate "2012.06.09"]
[EventType "swiss"]
[EventRounds "9"]
[EventCountry "CRO"]
[SourceTitle "CBM 148 Extra"]
[Source "ChessBase"]
[SourceDate "2012.06.22"]
[SourceVersion "1"]
[SourceVersionDate "2012.06.22"]
[SourceQuality "1"]

1. e4 c5 2. c3 Nc6 3. Nf3 d5 4. exd5 Qxd5 5. Na3 Nf6 6. Bc4 Qd8 7. 0-0 e6 8. Qe2 Be7 9. d4 cxd4 10. Rd1 0-0 11. Nb5 a6 12. Nbxd4 Nxd4 13. Rxd4 Qa5 14. Bb3 Rd8 15. Rxd8+ Qxd8 16. Ne5 Nd7 17. Nxf7 Kxf7 18. Qxe6+ Ke8 19. Qf7# 1-0

[Event "Torino Province-ch"]
[Site "Torino"]
[Date "2012.03.27"]
[Round "6"]
[White "Malano, Francesco"]
[Black "Yao, Stefano"]
[Result "1-0"]
[WhiteElo "1952"]
[BlackElo "1769"]
[PlyCount "55"]
[EventDate "2012.02.21"]
[EventType "swiss"]
[EventRounds "7"]
[EventCountry "ITA"]
[SourceTitle "EXT 2015"]
[Source "ChessBase"]
[SourceDate "2014.11.20"]
[SourceVersion "1"]
[SourceVersionDate "2014.11.20"]
[SourceQuality "1"]

1. e4 c5 2. f4 d5 3. exd5 Nf6 4. Bb5+ Bd7 5. Bxd7+ Qxd7 6. c4 e6 7. Qe2 Bd6 8. dxe6 Qxe6 9. Qxe6+ fxe6 10. d3 Nc6 11. Nf3 0-0-0 12. 0-0 e5 13. Nc3 exf4 14. Ng5 Rhe8 15. Nf7 Rd7 16. Nxd6+ Rxd6 17. Bxf4 Rxd3 18. Rad1 Red8 19. Rxd3 Rxd3 20. Bg5 Nd7 21. Nd5 Nce5 22. b3 h6 23. Bc1 Kd8 24. h3 Ke8 25. Bb2 Kd8 26. Re1 Ng6 27. Bxg7 Rd2 28. Bxh6 1-0

[Event "Torino Province-ch"]
[Site "Torino"]
[Date "2012.03.06"]
[Round "3"]
[White "Manni, Stefano"]
[Black "Malano, Francesco"]
[Result "1-0"]
[WhiteElo "2034"]
[BlackElo "1952"]
[PlyCount "51"]
[EventDate "2012.02.21"]
[EventType "swiss"]
[EventRounds "7"]
[EventCountry "ITA"]
[SourceTitle "EXT 2015"]
[Source "ChessBase"]
[SourceDate "2014.11.20"]
[SourceVersion "1"]
[SourceVersionDate "2014.11.20"]
[SourceQuality "1"]

1. e4 c5 2. Nf3 Nc6 3. c3 e6 4. d4 cxd4 5. cxd4 d5 6. e5 Nge7 7. Bd3 Qb6 8. Nc3 Bd7 9. Be3 Ng6 10. 0-0 Be7 11. a3 0-0 12. h4 f5 13. exf6 Bxf6 14. Bxg6 hxg6 15. Qd3 Rae8 16. Qxg6 Qxb2 17. Na4 Qb5 18. Nc5 Ne7 19. Qh5 b6 20. Rab1 Qc6 21. Nd3 g6 22. Qh6 Bg7 23. Qg5 Bf6 24. Qg3 Kh7 25. Rbc1 Qb7 26. Rc7 1-0

[Event "Imperia op-A 52th"]
[Site "Imperia"]
[Date "2010.08.30"]
[Round "2"]
[White "Malano, Francesco"]
[Black "Pesce, Gabriele"]
[Result "0-1"]
[WhiteElo "1916"]
[BlackElo "2174"]
[PlyCount "102"]
[EventDate "2010.08.29"]
[EventType "swiss"]
[EventRounds "9"]
[EventCountry "ITA"]
[SourceTitle "EXT 2024"]
[Source "ChessBase"]
[SourceDate "2023.10.10"]
[SourceVersion "1"]
[SourceVersionDate "2023.10.10"]
[SourceQuality "1"]

1. Nf3 Nf6 2. g3 g6 3. b3 Bg7 4. Bb2 c5 5. c4 0-0 6. Bg2 e6 7. 0-0 d5 8. cxd5 exd5 9. e3 Nc6 10. d4 Ne4 11. Nc3 Re8 12. Rc1 cxd4 13. exd4 Bg4 14. Ne2 Bh6 15. Ra1 Bxf3 16. Bxf3 Nd2 17. Nc3 Qf6 18. Nxd5 Qxf3 19. Qxf3 Nxf3+ 20. Kg2 Nfxd4 21. Nf6+ Kf8 22. Ba3+ Kg7 23. Nxe8+ Rxe8 24. Rfe1 Rd8 25. Bb2 Bg5 26. Rad1 Bf6 27. Re4 Ne6 28. Rxd8 Nexd8 29. Bc1 Ne6 30. Be3 Nc7 31. f4 Nd5 32. Bd2 Bc3 33. Bc1 f5 34. Re6 Kf7 35. Rd6 Nf6 36. Be3 Bb4 37. Rd1 Ke6 38. Kf3 Ne4 39. a4 a6 40. Bb6 Nd2+ 41. Ke2 Nxb3 42. Rb1 Bc5 43. Kd3 Nb4+ 44. Kc4 Nd2+ 45. Kxc5 Nd3+ 46. Kd4 Nxb1 47. Kxd3 Kd5 48. Bd8 Na3 49. h3 h5 50. Be7 Nc4 51. Bd8 Nb2+ 0-1

[Event "Imperia op-A 52th"]
[Site "Imperia"]
[Date "2010.08.29"]
[Round "1"]
[White "Cugini, Verter"]
[Black "Malano, Francesco"]
[Result "1/2-1/2"]
[WhiteElo "2122"]
[BlackElo "1916"]
[PlyCount "92"]
[EventDate "2010.08.29"]
[EventType "swiss"]
[EventRounds "9"]
[EventCountry "ITA"]
[SourceTitle "EXT 2024"]
[Source "ChessBase"]
[SourceDate "2023.10.10"]
[SourceVersion "1"]
[SourceVersionDate "2023.10.10"]
[SourceQuality "1"]

1. e4 c5 2. g3 Nc6 3. Bg2 g6 4. Ne2 Bg7 5. 0-0 d6 6. Nbc3 e5 7. Nd5 Nge7 8. Nec3 Nxd5 9. Nxd5 Ne7 10. Nc3 0-0 11. d3 Rb8 12. Bg5 f6 13. Be3 b5 14. a3 Qc7 15. Qd2 a5 16. Bh6 Be6 17. Bxg7 Kxg7 18. Nd1 b4 19. axb4 axb4 20. Ne3 Ra8 21. f4 Ra7 22. Qf2 Rxa1 23. Rxa1 Nc6 24. f5 Bg8 25. h4 Qb7 26. Bh3 Ra8 27. Rxa8 Qxa8 28. fxg6 hxg6 29. Ng4 Qf8 30. Qe3 Kh7 31. Qf2 Kg7 32. Ne3 Qe7 33. h5 Be6 34. Bxe6 Qxe6 35. hxg6 Kxg6 36. g4 Nd4 37. c3 bxc3 38. bxc3 Nb5 39. Qh2 Nxc3 40. Qh5+ Kg7 41. Nf5+ Kg8 42. Qg6+ Kf8 43. g5 Ne2+ 44. Kf2 Nf4 45. Qg7+ Ke8 46. Qa7 Kd8 1/2-1/2

[Event "Turin Piemonte op 9th"]
[Site "Turin"]
[Date "2009.09.20"]
[Round "4"]
[White "Malano, Francesco"]
[Black "Topczewski, Damian"]
[Result "1-0"]
[WhiteElo "1894"]
[BlackElo "2126"]
[PlyCount "75"]
[EventDate "2009.09.18"]
[EventType "swiss"]
[EventRounds "5"]
[EventCountry "ITA"]
[SourceTitle "EXT 2012"]
[Source "ChessBase"]
[SourceDate "2011.11.24"]
[SourceVersion "1"]
[SourceVersionDate "2011.11.24"]
[SourceQuality "1"]

1. f4 e5 2. fxe5 d6 3. exd6 Bxd6 4. Nf3 g5 5. g3 g4 6. Nh4 f5 7. d4 f4 8. Qd3 Qe7 9. Nc3 c6 10. Bd2 Na6 11. Ne4 Bc7 12. c3 Be6 13. Bg2 0-0-0 14. 0-0 Rf8 15. Rf2 Nh6 16. Raf1 fxg3 17. hxg3 Rxf2 18. Rxf2 Nf7 19. a3 Rd8 20. Nf5 Bxf5 21. Rxf5 h6 22. Bf4 Bxf4 23. Rxf4 Nc7 24. Nf6 Ng5 25. Qf5+ Kb8 26. e4 Qf7 27. Qxg4 Qb3 28. Qe2 Nce6 29. Rf1 Qb6 30. Kh2 a5 31. e5 Qc7 32. Be4 h5 33. Nxh5 Nxe4 34. Qxe4 Rh8 35. g4 Ng7 36. Qg6 Qe7 37. Kg3 Nxh5+ 38. gxh5 1-0